00621cam a22001933a 450000100060000000300060000600500170001200800410002904000150007004200070008510000490009224500980014126000290023950600300026851600200029870000380031883000290035685600420038544055PGUSA20140828084013.0131027s2013||||xxu|||||s|||||000 | eng d aPGUSAbeng adc1 aBrereton, F. S.q(Frederick Sadleir),d1872-10aWith Wellington in Spain :bA Story of the Peninsulah[electronic resource] /cF. S. Brereton bProject Gutenberg,c2013 aPublic domain in the USA. aElectronic text1 aRainey, W.q(William),d1852-1936 0aProject Gutenbergv4405540uhttp://www.gutenberg.org/ebooks/44055